000 00315nam a22001337a 4500
020 _a1-85881-070-1
082 _a823
_bSIM/H
100 _aFRANCESCA SIMON
245 _aHORRID HENRY
_bI HATE BROTHERS
260 _aUNITED KINGDOM
_bDOLPHIN
300 _a96
650 _aCHILDRENS STORY BOOK
_zUNITED KINGDOM
942 _cBK
999 _c65
_d65